000 00366nam a2200169Ia 4500
008 230605s9999 xx 000 0 und d
041 _aeng
100 _alilicrap
245 _afood and beverage service(9th ed
250 _a9th
260 _bHodder Arnold
300 _a466
365 _b863
_h10
500 _a2159
520 _aGeneral
650 _aF. B.
999 _c419312
_d419312